Učitavanje...

Introduction to hermeneutics: philosophy and method/

Bibliografski detalji
Glavni autor: J J Shukla
Format: Printed Book
Izdano: Ahmedabad: Karnavati, 1998.
Teme:
LEADER 00690nam a22001571a 4500
082 |a 121.68  |b JJS/I 
100 |a J J Shukla   |9 155859 
245 |a Introduction to hermeneutics:  |c by J J Shukla   |b philosophy and method/ 
260 |a Ahmedabad:  |b Karnavati,  |c 1998. 
300 |a 384p. 
650 |a Hermeneutics Philosophy  |9 155860 
650 |a Philosophy  |9 155861 
942 |c BK 
999 |c 20689  |d 20689 
952 |0 0  |1 0  |4 0  |6 121_680000000000000_JJS_I  |7 0  |9 29027  |a SSUS  |b SSUS  |d 2015-01-08  |g 795.00  |o 121.68 JJS/I  |p 015589  |r 2015-01-08  |v 0.00  |w 2015-01-08  |y BK 
952 |0 0  |1 0  |4 0  |6 121_680000000000000_JJS_I  |7 0  |9 29028  |a SSUS  |b SSUS  |d 2015-01-08  |g 795.00  |l 2  |o 121.68 JJS/I  |p 019225  |r 2016-04-28  |s 2016-04-23  |v 0.00  |w 2015-01-08  |y BK